| 000 | 00000nam##2200000za#4500 |
| 001 | 9.574166 |
| 003 | CaOODSP |
| 005 | 20210624184042 |
| 007 | cr ||||||||||| |
| 008 | 150406|1997||||xxc|||||o f|0| 0 eng|d |
| 022 | |a1488-5379 |
| 040 | |aCaOODSP|beng |
| 043 | |an-cn--- |
| 086 | 1 |aFs97-6/2192E-PDF |
| 110 | 1 |aCanada. |bDepartment of Fisheries and Oceans. |
| 245 | 10|aProceedings of the 24th Annual Aquatic Toxicity Workshop : |h[electronic resource]|bOctober 20-22, 1997, Niagara Falls, Ontario / |c[edited by] A. J. Niimi, J. L. Parrott and D. J. Spry. |
| 260 | |aBurlington - Ontario : |bFisheries and Oceans Canada |c1997. |
| 300 | |a153p.|bfig., graphs, maps, references, tables |
| 490 | 1 |aCanadian technical report of fisheries and aquatic sciences|x1488-5379|vNo. 2192 |
| 500 | |aThe catalogue number (Fs97-6/2197) and ISSN (0706-6457) for the print edition have been incorrectly copied in this electronic publication. |
| 546 | |a(Texte d'introduction en français et en anglais) |
| 590 | |a12-26-Supp|b2012-06-07 |
| 720 | 1 |aNiimi, A. J. |
| 720 | 1 |aParrott, J. L. |
| 720 | 1 |aSpry, D. J. |
| 776 | 0#|tProceedings of the 24th annual aquatic toxicity workshop : |w(CaOODSP)9.614253 |
| 830 | #0|aCanadian technical report of fisheries and aquatic sciences,|x1488-5379|vNo. 2192|w(CaOODSP)9.504449 |
| 856 | 40|ahttp://publications.gc.ca|qPDF|s9.19 MB|uhttps://publications.gc.ca/collections/collection_2012/mpo-dfo/Fs97-6-2192-eng.pdf|yNo. 2192 |